01652nam a2200241Ia 4500001000600000003000900006008004100015040001300056040001300069041001300082100002400095100002900119245004900148245004800197250001100245260001000256260001300266260004900279300004300328500098300371650002501354650003101379E2320IT-RoPAU130308s9999 xx 000 0 und d aIT-RoPAU cIT-RoPAU aFRANCESE aDesbordes Francoise gCodice Aut. SPICS: 21880 aRhetorique antique (La). l'art de persuader bRhetorique Antique (La). L'Art de Persuader a1a ed. aPARIS bHachette c1996 [1° Ed.:1996 - Ed.Ling.Originale:1996] a"304 p. (prefazione: no ; testo: 304)" aRetorica Antica: Arte di Persuadere. immagini della Retorica: Cio' che Dissero gli Antichi: Definizione, Tradizioni delle Origini, Retorica e Morale,Corrupta Eloquentia. in Rapporto all'ambiente Istituzionale e Culturale: scritto e Orale, Città Tribunali e Assemblee, Scuola, Retorica e Filosofia,Retorica e Cristianesimo, Scienze del Linguaggio. Tecnica Retorica: Prima di Aristotele, al Tempo di Aristotele, Periodo Ellenistico. Teoria Classica: Rinascenza Romana, Durante I Primi Due secoli dell'Impero Romano. Produzione Scolastica Tardiva: Manuali e Testi Sulla Tecnica Retorica. Spostamentodi Accento: Verso la Critica Letteraria: Sviluppo dell'Elocuzione, Stilistica. Dall'Arte di Persuadere Alla Letteratura: produzioni Scolastiche: Esercizi Preliminari, Declamazione. Discorso Spettacolo: Spettacolo del Discorso, Genere Epidittico, seconda Sofistica. Retorica e Letteratura. Testi di Documenti di Autori Antichi Sulla Retorica. repertorio degli Autori. Bibliografia. aSAGGI DI LINGUISTICA eCodice materia Spics: 3207